| 000 | 00591nam a2200217Ia 4500 | ||
|---|---|---|---|
| 005 | 20250505124932.0 | ||
| 008 | 008 250505s9999 xx 000 0 eng d | ||
| 037 | _aTextbook | ||
| 040 |
_aLCO _beng _cLCO |
||
| 041 |
_aeng _2eng |
||
| 084 |
_aX72:(Z) R3 _qLCO |
||
| 100 |
_aSINGHANIA,V.K. _9753991 |
||
| 245 | 0 |
_aDirect Taxes Law and Practice _c V.K. Singhania & Kapil Singhania |
|
| 250 | _a69th | ||
| 260 |
_aNew Delhi, India _bTaxmann _c2023 |
||
| 300 | _a1740 | ||
| 365 |
_aINR _b2275 |
||
| 650 | _aLaw | ||
| 942 |
_cTB _hX72:(Z) R3 |
||
| 999 |
_c1310741 _d1310741 |
||